Loading...
History of Mughal architecture /
| Hovedforfatter: | |
|---|---|
| Format: | Printed Book |
| Sprog: | English |
| Udgivet: |
New Delhi :
Abhinav Pubn.,
1982.
|
| Serier: | v1
|
| LEADER | 00505nam a2200157Ia 4500 | ||
|---|---|---|---|
| 008 | 150624b xxu||||| |||| 00| 0 eng d | ||
| 020 | |a 039102650X | ||
| 082 | |a 722.413209 | ||
| 100 | |a Nath, R. | ||
| 245 | |a History of Mughal architecture / |c R. Nath | ||
| 260 | |a New Delhi : |b Abhinav Pubn., |c 1982. | ||
| 300 | |a 301 p. | ||
| 490 | |a v1 | ||
| 942 | |c REF | ||
| 999 | |c 37565 |d 37565 | ||
| 952 | |0 0 |1 0 |4 0 |6 722_413209000000000_NAT_H_R |7 0 |9 37564 |a UL |b UL |c REF |d 1998-09-01 |l 0 |o 722.413209 NAT/H R |p 54094 |r 2012-10-27 |w 2012-10-27 |y REF | ||